MDQL
is popping MORE tags! Check the
thread
!
Quizzes
Events
Quiz Creation
Community
Videos
Private Events
Remove Ads
Sign In
Join for FREE
Feedback
Dark Mode
Quiz Categories
Sports
Geography
Music
Movies
Television
Just For Fun
Miscellaneous
History
Literature
Language
Science
Gaming
Entertainment
Religion
Holiday
For Kids
Quiz Lab
Recent
Popular Today
Quiz Kudos Today
Editor Picks
Curator Picks
Quizzes by...
Day
Popularity
Type
Ratings
Length
Year
Community
Subscriptions
Recent Discussions
Orange Saloon
Badges
Playlists
Quests
Create
Leaderboards
Showdown
Live 5
Trivia Bingo
Activity
Puzzle Library
Sporcle Events
Private Events
Virtual Trivia
Globe League
Become a Host
Pub Owners
SporcleCon
Opinionation
Our Games
Videos
Blog
Mobile Apps
Partnerships
Remove Ads and Go Orange
Feedback
Miscellaneous
Crossword
General Knowledge
Baby Names
Logo
Food
Cars
Numbers
Grab Bag
University
College
Popular
Company
Slogans
Restaurants
Justice
Letter
Miscellaneous
Crossword
General Knowledge
Baby Names
Logo
Food
Cars
Numbers
Grab Bag
University
College
Popular
Company
Slogans
Restaurants
Justice
Letter
Random Quiz
Search Sporcle
×
Quiz Lab
Quiz Lab
Miscellaneous
theme
Type in answers that appear in a list
Type in answers that appear in a list
Classic
Best Score? Go Orange.
Parties de GaG Stats
Can you name the Parties de GaG?
By
Solaris
20m
122 Questions
7 Plays
7 Plays
7 Plays
Comments
Comments
Give Quiz Kudos
Give Quiz Kudos
-
- Ratings
hide this ad
More Info
Forced Order
Answers have to be entered in order
Answers have to be entered in order
Replay
Link that replays current quiz
Next Quiz
Link to next quiz in quiz playlist
You Got
0%
They Got
Avg Score
36%
Avg Friend Score
Upgrade to see
Score Distribution
Jump to the score distribution portion of the page
Score
0/122
Timer
20:00
0
Plays Today
Meneur
Thème
% Correct
1. Tanguy
Classique
100%
2. Sammy
Classique
85.7%
3. Gaël
Classique
85.7%
4. Corail
Classique
85.7%
5. Sammy
Classique
85.7%
6. Amortttt
Classique
85.7%
7. Flochette
Classique
85.7%
8. Tanguy
Classique
85.7%
9. Sammy
Harry Potter
85.7%
10. SadYear
Classique
85.7%
52. Janabis
Astérix et Obélix
71.4%
86. Naheulbeuk
Classique
71.4%
118. Osuniev
Le Village
71.4%
120. Ysengrain
Retour aux Sources
71.4%
12. Zorélie
Classique
57.1%
28. Enaëlle de Saint-
Yllène
Le Donjon de Naheulbeuk
57.1%
33. Jonas et Tanguy
Télé-réalité
57.1%
43. Mandrino
Film d'horreur
57.1%
44. CevieuxfoudeMaurice
Dessins-animés
57.1%
47. Sissi
Caméra-café
57.1%
57. Aste
Classique
57.1%
69. Narcisse
Bois de Boulogne
57.1%
71. Mandrino
L'Armée des morts
57.1%
72. Grainne et missK
Disney
57.1%
88. Zorélie
Classique
57.1%
99. Mandrino
Film d'horreur
57.1%
101. Canvellian
Lost
57.1%
11. Narcisse
Disney
42.9%
15. Sissi
Alice au pays des merveilles
42.9%
20. Mandrino
Classique
42.9%
25. Gaël
Classique
42.9%
35. Gandalf Poilu
Les Schtroumpfs
42.9%
45. Jnst
La Quête du Croc d'or
42.9%
50. Winterspoon
Harry Potter
42.9%
54. Osuniev
Death Note
42.9%
55. San Seya
Arthur et les Minimoys
42.9%
56. Chamaloow
Robin des Bois
42.9%
58. Naheulbeuk
Heroes
42.9%
59. Seb_
Rock78
X-Men
42.9%
60. Flochette
Classique
42.9%
63. Xénossan
Star Wars
42.9%
Meneur
Thème
% Correct
64. Jewl
La Mafia
42.9%
75. Krysta
Inversion
42.9%
76. sSerenity
Super Mario Bros.
42.9%
92. Wiel
Classique
42.9%
94. Silas Meyblum
Magic the Gathering
42.9%
96. Xénossan
Dragon Ball
42.9%
98. Jacques
Batman TAS
42.9%
102. Lawliet
Mario Kart
42.9%
104. Ade
Jumanji
42.9%
106. Narcisse
Mythologie grecque
42.9%
109. missK
Véronica Mars
42.9%
119. Linika
Il était une fois...
42.9%
122. Azrael
X-Files
42.9%
17. Aramil
Classique
28.6%
18. Krysta
Classique
28.6%
22. Flochette
Classique
28.6%
27. Osuniev
Classique
28.6%
29. Geoffrey
Classique
28.6%
30. Zemich
Classique
28.6%
32. Morpion
Classique
28.6%
37. Osuniev et Titof
Classique
28.6%
39. Krysta
Dune
28.6%
40. Milambar
Classique
28.6%
46. Enaëlle de Saint-
Yllène
Retour vers le futur
28.6%
51. Jonas
Nip Tuck
28.6%
61. sSerenity
Shrek
28.6%
62. Gandalf poilu
House
28.6%
65. Lawicca et Zorélie
Classique
28.6%
68. Wiel
Classique
28.6%
73. Narcisse
Mythologie grecque
28.6%
77. Vermine
La Pub
28.6%
79. Morpion
Les Aventuriers du Survivaure
28.6%
82. Janabis
La Vie de Jésu(bis)
28.6%
83. Osuniev
Mystère
28.6%
85. Ade
Destination finale
28.6%
87. Chamaloow
Kaamelott
28.6%
89. Manu
Final Fantasy VII
28.6%
90. Jonas
Friends
28.6%
95. Solaris
Legend of Zelda
28.6%
103. Milambar
24
28.6%
105. Balthy
Final Fantasy VIII
28.6%
Meneur
Thème
% Correct
108. Enaëlle de Saint-
Yllène
Les Goonies
28.6%
110. Chyprou
Fringe
28.6%
112. Janabis
Le Tour de France Gagien
28.6%
114. sSerenity
Pixar
28.6%
116. Silas Meyblum
Classique
28.6%
117. AydenM
Olympiades Gagiennes
28.6%
GiGaG 2009. Janabis
Classique
28.6%
121. Mandrino
Invasion
28.6%
16. Winterspoon
Donjon inquiétant
14.3%
21. Clems
Charlie et la chocolaterie
14.3%
31. Naheulbeuk
Le Fabuleux destin d'Amélie Poulain
14.3%
34. Mandrino
L'Histoire sans fin
14.3%
36. San Seya
La Petite maison dans la prairie
14.3%
41. Falcor
Au Bal masqué
14.3%
48. Lawicca
Charmed
14.3%
49. Lisou
Artemis Fowl
14.3%
53. Krysta
L'Étrange Noël de Mr Jack
14.3%
67. Boneangles
Les Noces funèbres
14.3%
70. CevieuxfoudeMaurice
Hollywood
14.3%
74. Sissi
Battlestar Galactica
14.3%
78. Caro
Desperate Housewives
14.3%
81. Peldaine
H2G2 : le guide du voyageur galactique
14.3%
84. Enaëlle de Saint-
Yllène et Tristana
La Guerre du PAF
14.3%
91. Winterspoon
Donjon inquiétant
14.3%
93. Méitar
Sweeney Todd
14.3%
97. Nayrolf
Les Simpson
14.3%
107. Krysta
Légendes urbaines
14.3%
111. Tristana
Kingdom Hearts
14.3%
113. Lagloye
Les Années 1980
14.3%
115. Naheulbeuk
How I Met Your Mother
14.3%
13. Fidigi
La Guerre des clans
0%
14. Jonas
Stars d'hier et d'aujourd'hui sur l'île du Chichon
0%
19. Titof
Western
0%
23. Marmotte
Star Wars
0%
24. Peldaine
Le Seigneur des anneaux
0%
26. San Seya
Le Monde de Narnia
0%
38. sSerenity
Clinique psychiatrique
0%
42. Caro
Tintin et Milou
0%
66. Milambar
Le Disque-Monde
0%
80. San Seya
Pirates de Caraïbes
0%
Quiz Playlist
Details
Report
Send in Message
Add To Playlist
More Info:
Ce quiz s'adresse aux membres du forum Gareauxgarous.free.fr. Il n'est pas recommandé de le passer si vous n'y êtes pas membre. ;-)
Classic:
Type in answers that appear in a list
Forced Order:
Answers have to be entered in order
Last Updated: Feb 16, 2017
Quiz Scoreboard
CHALLENGE
Sign Up to Join the Scoreboard
Show All
Scores
Hide
Comments
May contain spoilers
Recently Published
1-10 Letter E Words III
by El_Dandy
Language
2m
Street Fighter Characters
by Artimus82
Gaming
60s
College Basketball Coaching Resumes
by pancakes188
Sports
9m
More to Explore
Quiz From the Vault
Featured Blog Post
Where Did the Easter Bunny Come From?
hide this ad
You Might Also Like...
Tags
gag
Party
theme
Today's Top Quizzes in Miscellaneous
Browse Miscellaneous
hide this ad
Today's Top Quizzes in theme
Browse theme
Top Contributed Quizzes in Miscellaneous
1
5-to-1: Fast Food
2
The JOE quick-fire general knowledge quiz: Day 174
3
The JOE quick-fire general knowledge quiz: Day 173
4
5-to-1: Cocktails
5
The JOE quick-fire general knowledge quiz: Day 172
6
9x9 Crossword: Disney Movie Titles
7
9x9 Crossword: Charlie and the Chocolate Factory
8
Sunday Crossword: Famous Bodies of Water
9
The JOE quick-fire general knowledge quiz: Day 171
10
9x9 Crossword: Flags
Explore More
Trending Topics
Disney
Kpop
NBA
Crossword
Marvel
Harry Potter
Anime
Country
Soccer
The Office
Song
Pokémon
NFL
Puzzle
WWE
hide this ad
More By:
Solaris
Quiz
Plays
Rating
Category
Featured
Created
Parties de GaG
7
1.00
Miscellaneous
May 26, 2010
Go to Creator's Profile
Score Distribution
Quiz Creator Spotlight
Solaris
Follow
Send a Message
Quizzes Created
-
Created Quiz Play Count
-
More By This Creator
Popular Quizzes Today
1
Find the US States - No Outlines Minefield
2
Find the Countries of Europe - No Outlines Minefield
3
The Countries of the World
4
Find the US States
5
Risky Map Clicking: Biggest States A-Z
6
US States
7
Popular People in 1961
8
Movies - When Are They Set?
More Miscellaneous Quizzes
Car Models by Maker: Matching
Published
Trending Quizzes
Risky Map Clicking: Least Populous States A-Z
1-10 Letter G Words
USA Borders Longest to Shortest
1-10 Letter F Words
Countries of the World: 200 Million BC
Recently Updated
Leaping Animals
pecheneg
Reality TV Shows (A-Z)
bhenderson79
Rickey Henderson's Hall of Fame Teammates
pecheneg
Champions League XIs: Arsenal
pecheneg
Quick Pick: Celebrities in WWE's Hall of Fame
aduchscher
A-Z Keypad Blitz II
pecheneg
Multiple Oscar Actors
pecheneg
Mystery Phrase Blitz: Oscar 'Best Actors'
pecheneg
F. Scott Fitzgerald Novels
LTH
Pick 3 Villains
ddd62291
Trending Topics
Anime
Crossword
Disney
Marvel
NBA
Kpop
Harry Potter
NFL
Country
The Office
Pokémon
Song
WWE
Puzzle
Soccer
Your Account Isn't Verified!
In order to create a playlist on Sporcle, you need to verify the email address you used during registration. Go to your
Sporcle Settings
to finish the process.
Report this User
Report this user for behavior that violates our
Community Guidelines
.
Details:
Send Report
Go to the Sporcle.com Mobile Site →
Comments